Online Catalogue and eLibrary

Call Me Woman (Record no. 5972)

MARC details
000 -LEADER
fixed length control field 00464nam a22001937a 4500
005 - DATE AND TIME OF LATEST TRANSACTION
control field 20250203020753.0
008 - FIXED-LENGTH DATA ELEMENTS--GENERAL INFORMATION
fixed length control field 250203b |||||||| |||| 00| 0 eng d
020 ## - INTERNATIONAL STANDARD BOOK NUMBER
ISBN 9781770105126
082 ## - DDC Classification
DDC Edition Number 7014
Class No. 305.4
Item Number - Author Mark KUZ
100 ## - MAIN ENTRY--PERSONAL NAME
Personal name Kuzwayo, E
245 ## - TITLE STATEMENT
Title Call Me Woman
250 ## - EDITION STATEMENT
Edition statement 3rd Edition
260 ## - PUBLICATION, DISTRIBUTION, ETC.
Place of publication, distribution, etc. Johannesburg
Name of publisher, distributor, etc. Picador Africa
Date of publication, distribution, etc. 2016
300 ## - PHYSICAL DESCRIPTION
Extent (e.g. Volumes, Pages etc.) xxi, 304 p.,
650 ## - SUBJECT ADDED ENTRY--TOPICAL TERM
Topical term or geographic name entry element Black Women
650 ## - SUBJECT ADDED ENTRY--TOPICAL TERM
Topical term or geographic name entry element South Africa
650 ## - SUBJECT ADDED ENTRY--TOPICAL TERM
Topical term or geographic name entry element Education
942 ## - Koha item type (Biblio)
Koha item type Books in Stacks (Lending)
Holdings
Lost status Damaged status Collection code Home library Current library Date acquired Full call number Accession Number Item type
    Lending WERC Library WERC Library 02/03/2025 305.4 KUZ 7014 Books in Stacks (Lending)

© WERC Library